00366nam a2200145Ia 4500008004100000082001500041100001700056245003700073250000800110260002800118300001000146500002400156650001600180700002400196230524s9999 xx 000 0 und d a510.3bJAI aPawan K.Jain 0aSequence Spaces and Applications a1ST aNEW DELHIbNarosac1995 aX;148 aQuantity Number: 2 aMathematics a Eberhard Malkowsky